000 004710000a22001810004500
003 MACL
005 20150813125035.0
008 150813b xxu||||| |||| 00| 0 eng d
040 _aMACL
_cMACL
041 _aEnglish
082 _a400/RAI
100 _aRai, Amit
_95234
245 _aA House Divided
_bThe Origin and Development Of Hindi/Hindavi
260 _bOxford University Press
_c1984
_aNew Delhi
350 _a160
650 _aLanguage
_981
942 _cBK
_k400
_2ddc
999 _c5503
_d5503